000 00408nam a2200169Ia 4500
001 17281
003 IN-NITTTR
005 20251114233203.0
008 251113s9999||||xx |||||||||||||| ||eng||
040 _beng
040 _cIN-NITTTR
041 _aeng
082 _a821.009 T25
245 0 _aTen twentieth-century Indian poets. /
_cParthasarathy, R., ed.
700 _aParthasarathy, R.
942 _2ddc
_cBK
999 _c19915
_d19915